|
|
|
|
| LEADER |
00000cam a2200000 a 4500 |
| 001 |
vtls001143975 |
| 003 |
SK-MaSNL |
| 005 |
20260302064613.0 |
| 008 |
241204s1990 xr odl grcn 001 0 cze |
| 015 |
|
|
|a SNBA1990/04
|
| 020 |
|
|
|q (brožované)
|
| 035 |
|
|
|a SNK000086829
|
| 035 |
|
|
|a urn:nbn:sk:snk-amlgsd
|
| 035 |
|
|
|a urn:nbn:sk:snk-am00bodq
|
| 035 |
|
|
|a 86675C3A-97AA-4747-94E0-09DE895B9EA3
|
| 040 |
|
|
|a SNK
|b slo
|c SNK
|e AACR2
|
| 041 |
0 |
|
|a cze
|
| 044 |
|
|
|a xr
|c CZ
|
| 072 |
|
7 |
|a 69
|x Stavebníctvo
|2 konspekt
|
| 072 |
|
7 |
|a 631
|x Poľnohospodárstvo. Pedológia. Agrotechnika. Agroekológia
|2 konspekt
|
| 080 |
|
|
|a 69
|2 2011
|
| 080 |
|
|
|a 69:005.936.43
|2 2011
|
| 080 |
|
|
|a 631.2
|2 2011
|
| 080 |
|
|
|a (083.82)
|2 2011
|
| 245 |
0 |
0 |
|a Katalog výrobků pro stavební část staveb
|p Zemědělské stavby
|
| 246 |
3 |
0 |
|a Zemědělské stavby
|
| 260 |
|
|
|a Praha
|b Československé středisko výstavby a architektury
|c 1990
|
| 300 |
|
|
|a 198 strán
|b fotografie, grafy, schémy, tabuľky
|c 30 cm
|
| 366 |
|
|
|e 9500 kusov
|
| 490 |
1 |
|
|a Československý katalog pro výstavbu. Základní řada, červen 1989
|
| 504 |
|
|
|a Vecný register na strane [11]-15
|
| 650 |
0 |
7 |
|a stavebníctvo
|2 SNKPH
|9 726
|
| 650 |
0 |
7 |
|a stavebné výrobky
|2 SNKPH
|9 66020
|
| 650 |
0 |
7 |
|a poľnohospodárske stavby
|2 SNKPH
|9 84678
|
| 655 |
|
7 |
|a katalógy
|2 SNKPH
|9 60821
|
| 830 |
|
0 |
|a Československý katalog pro výstavbu
|p Základní řada, červen 1989
|9 726930
|
| 852 |
|
|
|a Slovenská národná knižnica
|
| 954 |
|
|
|a odborná, vedecká literatúra cudzojazyčná (svetová)
|2 lita
|
| 958 |
|
|
|a RK
|
| 958 |
|
|
|a TL
|
| 958 |
|
|
|a CZ
|
| 958 |
|
|
|a OND
|
| 958 |
|
|
|a NB
|
| 958 |
|
|
|a EUIPO
|
| 999 |
|
|
|c 1138321
|d 1140251
|
| 952 |
|
|
|a SNK
|b SNK
|y PREZ
|7 0
|p 17A0873490
|o snkSB 47215
|i snkKIP 10257/90
|0 0
|1 0
|4 0
|d 2012-07-09
|f 1
|l 0
|r 2025-02-07 00:00:00
|w 2026-02-24
|
| 952 |
|
|
|a SNK
|b SNK
|y VYP
|7 0
|p 17A0149625
|o snkSB 47215 D1
|i snkKIP 10258/90
|0 0
|1 0
|4 0
|d 1998-07-15
|l 0
|r 2005-01-01 00:00:00
|w 2026-02-24
|